| Tag |
First Indicator |
Second Indicator |
Subfields |
| LEADER |
00000cam a2200000Ia 4500 |
| 001 |
in00002399607 |
| 005 |
20151109090119.0 |
| 008 |
030508s2000 mauabc d b 001 0 eng d |
| 020 |
|
|
|a 0825141451 (pbk.)
|
| 020 |
|
|
|a 9780825141454 (pbk.)
|
| 035 |
|
|
|a (OCoLC)ocm52205261
|
| 035 |
|
|
|a (OCoLC)52205261
|
| 040 |
|
|
|a IAO
|c IAO
|d OCLCQ
|d BAKER
|d YDXCP
|d UtOrBLW
|
| 043 |
|
|
|a n-us---
|
| 049 |
|
|
|a TXAM
|
| 090 |
|
|
|a E540.N3
|b W253 2000
|
| 100 |
1 |
|
|a Walbridge, Mike.
|
| 245 |
1 |
0 |
|a African-American heroes of the Civil War /
|c by Mike Walbridge.
|
| 264 |
|
1 |
|a Portland, ME :
|b Walch,
|c [2000]
|
| 264 |
|
4 |
|c ©2000
|
| 300 |
|
|
|a ix, 133 pages :
|b illustrations, maps, portraits ;
|c 28 cm.
|
| 336 |
|
|
|a text
|b txt
|2 rdacontent
|
| 337 |
|
|
|a unmediated
|b n
|2 rdamedia
|
| 338 |
|
|
|a volume
|b nc
|2 rdacarrier
|
| 500 |
|
|
|a "Walch reproducible books."
|
| 500 |
|
|
|a "RTB 0-41451"--P. [4] of cover.
|
| 504 |
|
|
|a Includes bibliographical references and index.
|
| 520 |
|
|
|a This book describes some of the contributions by African Americans during the American Civil War. Includes in-depth biographies of André Cailloux, William Carney, Robert Smalls, Frederick Douglass, Harriet Tubman and Charlotte Forten along with mini-biographies of 14 other African American heroes.
|
| 521 |
2 |
|
|a 6-12.
|
| 651 |
|
0 |
|a United States
|x History
|y Civil War, 1861-1865
|x Participation, African American.
|
| 651 |
|
0 |
|a United States
|x History
|y Civil War, 1861-1865
|x Study and teaching.
|
| 650 |
|
0 |
|a African Americans
|v Biography
|x Study and teaching.
|
| 938 |
|
|
|a Baker & Taylor
|b BKTY
|c 21.99
|d 19.79
|i 0825141451
|n 0004089907
|s active
|
| 938 |
|
|
|a YBP Library Services
|b YANK
|n 1849098
|
| 948 |
|
|
|a cataloged
|b h
|c 2008/8/8
|d c
|e ceaton
|f 2:08:34 pm
|
| 994 |
|
|
|a C0
|b TXA
|
| 999 |
|
|
|a MARS
|
| 999 |
f |
f |
|s e9361a8f-cf84-3bc6-a472-e6dcce87b740
|i 06900e60-a801-304b-a9af-19af468f1a72
|t 0
|
| 952 |
f |
f |
|p ric
|a Texas A&M University
|b Rellis Campus
|c Joint Library Facility
|d Remote Storage
|t 0
|e E540.B53 W253 2000
|h Library of Congress classification
|i unmediated -- volume
|m A14837315920
|
| 998 |
f |
f |
|a E540.B53 W253 2000
|t 0
|l Remote Storage
|